Musas insumisas (Record no. 1913)

MARC details
000 -LEADER
campo de control de longitud fija 01479nam a22001937a 4500
005 - FECHA Y HORA DE LA ÚLTIMA TRANSACCIÓN
campo de control 20220624213119.0
008 - DATOS DE LONGITUD FIJA--INFORMACIÓN GENERAL
campo de control de longitud fija 220624b |||||||| |||| 00| 0 eng d
020 ## - NÚMERO INTERNACIONAL ESTÁNDAR DEL LIBRO
Número Internacional Estándar del Libro 9788480265997
040 ## - FUENTE DE CATALOGACIÓN
Centro/agencia transcriptor Biblioteca Lado V
082 ## - NÚMERO DE LA CLASIFICACIÓN DECIMAL DEWEY
Número de clasificación 700.82
Número de ítem M985m
100 ## - ENTRADA PRINCIPAL--NOMBRE DE PERSONA
Nombre de persona Museo Nacional Centro de Arte Reina Sofía
110 ## - ENTRADA PRINCIPAL--NOMBRE DE ENTIDAD CORPORATIVA
Nombre de entidad corporativa o nombre de jurisdicción como elemento de entrada Pineda, Mercedes (edición)
245 ## - MENCIÓN DEL TÍTULO
Título Musas insumisas
Resto del título Delphine Seyrig y los colectivos de vídeo feminista en Francia en los 70 y 80
260 ## - PUBLICACIÓN, DISTRIBUCIÓN, ETC.
Lugar de publicación, distribución, etc. Madrid
Nombre del editor, distribuidor, etc. Museo Nacional Centro de Arte Reina Sofía
Fecha de publicación, distribución, etc. 2019
300 ## - DESCRIPCIÓN FÍSICA
Extensión 240 p.
Otras características físicas il. (col)
Dimensiones 23 x 17 cm
505 ## - NOTA DE CONTENIDO CON FORMATO
Título Musas insumisas: una introducción
Mención de responsabilidad Nataša Petrešin-Bachelez y Giovanna Zapperi
Título Undoing the diva: Delphine Seyrig, o la deconstrucción de un mito
Mención de responsabilidad Alexandre Moussa
Título ¿Cortar los hombres en pedazos? Las formas lúdicas del videoactivismo de Delphine Seyrig y Carole Roussopoulos
Mención de responsabilidad Ros Murray
Título Ser una mujer, no una aparición. La búsqueda feminista de Delphine Seyrig
Mención de responsabilidad Françoise Vergès
Título "Nunca visto pero imaginado a la perfección": el papel de Delphine Seyrig en el cine de Ulrike Ottinger
Mención de responsabilidad Élisabeth Lebovici
Título "Una historia extraordinaria": el Centre audiovisuel Simone de Beauvoir de París
Mención de responsabilidad Nataša Petrešin-Bachelez y Giovanna Zapperi en conversación con Nicole Fernández Ferrer
Título Epílogo
-- Listado de imágenes
650 ## - PUNTO DE ACCESO ADICIONAL DE MATERIA--TÉRMINO DE MATERIA
Subdivisión general arte contemporáneo
-- arte - mujeres
-- mujeres en el arte
-- arte - exhibición
-- arte - feminismo
-- arte - videoarte feminista
-- Francia
942 ## - ELEMENTOS DE ENTRADA SECUNDARIOS (KOHA)
Fuente del sistema de clasificación o colocación Clasificación Decimal Dewey
Tipo de ítem Koha Libros
Suprimir en OPAC No
Holdings
Estatus retirado Estado de pérdida Fuente del sistema de clasificación o colocación Estado de daño No para préstamo Biblioteca de origen Biblioteca actual Fecha de adquisición Total de préstamos Signatura topográfica completa Código de barras Visto por última vez Precio de reemplazo Tipo de ítem Koha
    Clasificación Decimal Dewey     Biblioteca LadoV Biblioteca LadoV 24/06/2022   700.82 M985m 003720 24/06/2022 24/06/2022 Libros